000 00620nam a22002057a 4500
003 koha_MIRAKIL
005 20241023143243.0
008 231213b |||||||| |||| 00| 0 ||| d
020 _a9789750710261
040 _aTR-IsEVY
_btur
_cTR-IsEVY
082 _a811 TAR/E
100 _aTarıman, Betül.
245 0 _aElma dersem çık /
_cBetül Tarıman ; resimleyen Claude Leon.
250 _a6. bs.
260 _bCan Çocuk Yayınları,
_c2016.
_aİstanbul :
300 _a65 s. :
_brenkli resimli ;
_c20 cm.
650 _aChildren's literature -- Poems.
650 _aÇocuk edebiyatı -- Şiir.
942 _2ddc
_cBK
999 _c20974
_d20974